Reseña histórica en forma de diccionario de las imprentas que han existido en Valencia (Record no. 165259)
[ view plain ]
| 000 -LEADER | |
|---|---|
| campo de control de longitud fija | 01428nam a22002775i 4500 |
| 001 - NÚMERO DE CONTROL | |
| campo de control | 165259 |
| 003 - IDENTIFICADOR DE NÚMERO DE CONTROL | |
| campo de control | ES-MaACL |
| 005 - FECHA Y HORA DE LA ÚLTIMA TRANSACCIÓN | |
| campo de control | 20230906213111.0 |
| 008 - DATOS DE LONGITUD FIJA--INFORMACIÓN GENERAL | |
| campo de control de longitud fija | 000112m18981899sp a |||| | spa d |
| 040 ## - FUENTE DE CATALOGACIÓN | |
| Centro catalogador/agencia de origen | CCPB | B |
| Lengua de catalogación | spa |
| Centro/agencia transcriptor | CCPB | B |
| 100 1# - ENTRADA PRINCIPAL--NOMBRE DE PERSONA | |
| Nombre de persona | Serrano y Morales, José Enrique. |
| 9 (RLIN) | 132673 |
| 245 10 - MENCIÓN DEL TÍTULO | |
| Título | Reseña histórica en forma de diccionario de las imprentas que han existido en Valencia |
| Resto del título | : desde la introduccion del arte tipográfico en España hasta el año 1868 : con noticias bio-bibliográficas de los principales impresores / |
| Mención de responsabilidad, etc. | por José Enrique Serrano y Morales. |
| 260 ## - PUBLICACIÓN, DISTRIBUCIÓN, ETC. | |
| Lugar de publicación, distribución, etc. | Valencia : |
| Nombre del editor, distribuidor, etc. | [s.n.], |
| Fecha de publicación, distribución, etc. | 1898-99 ( |
| Fabricante | Imprenta de F. Domenech) |
| 300 ## - DESCRIPCIÓN FÍSICA | |
| Extensión | XXVIII, 655, [3] p. : |
| Otras características físicas | il. ; |
| Dimensiones | 29 cm. |
| 500 ## - NOTA GENERAL | |
| Nota general | Obra premiada por el Ayuntamiento de Valencia en los Juegos Florales celebrados por la Sociedad "Lo Rat-Penat" en el año 1893. |
| 530 ## - NOTA DISPONIBLE DE FORMULARIO FÍSICO ADICIONAL | |
| Nota de formato físico adicional disponible | Disponible en formato digital. |
| 594 ## - Nota al título y mención de responsabilidad | |
| Nota al título y mención de responsabilidad | Tít. en antep.: "Diccionario de impresores valencianos" |
| 595 ## - | |
| -- | Tirada especial de cien ejemplares numerados. |
| 596 ## - NOTA AL PIE DE IMPRENTA | |
| NOTA AL PIE DE IMPRENTA | En port. consta la fecha, 1898-99. |
| 596 ## - NOTA AL PIE DE IMPRENTA | |
| NOTA AL PIE DE IMPRENTA | Marca tip. en port. |
| 597 ## - NOTA DE DESCRIPCIÓN FÍSICA | |
| NOTA DE DESCRIPCIÓN FÍSICA | Port. a dos tintas. |
| 599 ## - NOTA A LAS ILUSTRACIONES | |
| NOTA A LAS ILUSTRACIONES | Il. grab. xil. intercalados en el texto. |
| 650 #4 - PUNTO DE ACCESO ADICIONAL DE MATERIA--TÉRMINO DE MATERIA | |
| Término de materia o nombre geográfico como elemento de entrada | Imprenta- |
| Subdivisión geográfica | Valencia- |
| Subdivisión de forma | Biobibliografías. |
| 9 (RLIN) | 161990 |
| 852 ## - LOCALIZACIÓN | |
| Ubicación | ES-MaACL |
| Número de control de estantería | B-3395 |
| Nota libre | -- Enc. pasta española |
| 856 ## - LOCALIZACIÓN Y ACCESO ELECTRÓNICOS | |
| Identificador Uniforme de Recursos | <a href="http://bdh-rd.bne.es/viewer.vm?id=0000147787&page=1 ">http://bdh-rd.bne.es/viewer.vm?id=0000147787&page=1 </a> |
| Nota pública | Biblioteca Digital Hispánica |
| Estatus retirado | Estado de pérdida | Estado de daño | No para préstamo | Colección | Biblioteca de origen | Biblioteca actual | Ubicación en estantería | Fecha de adquisición | Fuente de adquisición | Total de préstamos | Signatura topográfica completa | Código de barras | Visto por última vez | Precio de reemplazo | Tipo de ítem Koha |
|---|---|---|---|---|---|---|---|---|---|---|---|---|---|---|---|
| Colección digital | Biblioteca del Ateneo de Madrid | Biblioteca del Ateneo de Madrid | Sala Pardo Bazán | 17/01/2008 | B-3395 | 1173292 | 23/02/2023 | 23/02/2023 | Libro impreso antiguo |
